000 00249nam a2200109Ia 4500
005 20251222154350.0
008 251222s9999||||xx |||||||||||||| ||spa||
082 _a372.21/A25
100 _a"Adler, Alfred"
245 0 _aGuiando al niƱo
942 _cLIB
999 _c34851
_d34851